[Event "Chigorin Memorial"]
[Site "St Petersburg"]
[Date "2015.10.07"]
[Round "5.119"]
[White "Tsirulnik, Maritsa"]
[Black "Zajtzeva, Viktoria"]
[Result "1-0"]
[WhiteElo "2153"]
[BlackElo "1891"]
[PlyCount "81"]
[EventDate "2015.10.03"]
[EventRounds "9"]
[EventCountry "RUS"]

1. d4 Nf6 2. c4 g6 3. Nc3 Bg7 4. g3 O-O 5. Bg2 d6 6. Nf3 Nbd7 7. O-O e5 8. e4
h6 9. b3 Re8 10. Rb1 a5 11. Re1 b6 12. a3 Ba6 13. d5 Nh5 14. Qc2 Rf8 15. Nb5
Bc8 16. b4 Nb8 17. c5 Qd7 18. c6 Qe7 19. Bd2 f5 20. Nh4 Qf7 21. exf5 gxf5 22.
f4 e4 23. Bf1 Ba6 24. Ng2 Bxb5 25. Bxb5 Bd4+ 26. Be3 Qg7 27. Bxd4 Qxd4+ 28. Ne3
axb4 29. axb4 Na6 30. Qb2 Qxb2 31. Rxb2 Nb8 32. Bc4 Ra4 33. b5 Kh7 34. Ra2 Rxa2
35. Bxa2 Kg6 36. Bb3 Nf6 37. Ra1 h5 38. Ra7 Rc8 39. Nc2 h4 40. Nd4 hxg3 41.
hxg3 1-0

[Event "Chigorin Memorial"]
[Site "St Petersburg"]
[Date "2015.10.07"]
[Round "5.120"]
[White "Malofeev, Alex"]
[Black "Keadana, Amir"]
[Result "0-1"]
[WhiteElo "2141"]
[BlackElo "1730"]
[PlyCount "34"]
[EventDate "2015.10.03"]
[EventRounds "9"]
[EventCountry "RUS"]

1. e4 e6 2. Nf3 d5 3. Nc3 Nf6 4. Bd3 Bb4 5. Qe2 O-O 6. a3 Ba5 7. b4 Bb6 8. Na4
dxe4 9. Bxe4 Nxe4 10. Nxb6 axb6 11. Qxe4 Qd5 12. Qe2 c5 13. c4 Qd6 14. b5 e5
15. Bb2 f6 16. d3 Bf5 17. Rd1 Rd8 0-1

[Event "Chigorin Memorial"]
[Site "St Petersburg"]
[Date "2015.10.07"]
[Round "5.121"]
[White "Oberholzer, Francois"]
[Black "Rybaizen, Boris"]
[Result "1/2-1/2"]
[WhiteElo "2032"]
[BlackElo "2324"]
[PlyCount "107"]
[EventDate "2015.10.03"]
[EventRounds "9"]
[EventCountry "RUS"]

1. e4 c6 2. d4 d5 3. Nc3 dxe4 4. Nxe4 Bf5 5. Ng3 Bg6 6. h4 h6 7. Nf3 Nd7 8. h5
Bh7 9. Bd3 Bxd3 10. Qxd3 e6 11. Bd2 Ngf6 12. O-O-O Qc7 13. Ne4 O-O-O 14. g3
Nxe4 15. Qxe4 Bd6 16. c4 c5 17. d5 Nf6 18. Qc2 exd5 19. cxd5 Kb8 20. Bc3 Ne8
21. Rhe1 f6 22. Nh4 Qf7 23. Ng6 Rg8 24. Qf5 Nc7 25. Re2 Rge8 26. Red2 Qd7 27.
Qf3 Qa4 28. Kb1 Qe4+ 29. Qxe4 Rxe4 30. Nh4 Nb5 31. Nf5 Bf8 32. f3 Ree8 33. d6
Rd7 34. a4 Nxc3+ 35. bxc3 Re6 36. Kc2 b6 37. g4 Kb7 38. Kb3 Kc6 39. Kc4 a6 40.
Kb3 Re8 41. c4 Rb8 42. Kc3 b5 43. axb5+ axb5 44. cxb5+ Rxb5 45. Ra1 Rb6 46.
Rad1 Ra6 47. Rd3 Ra3+ 48. Kc4 Rxd3 49. Rxd3 Bxd6 50. Rd1 Bf8 51. Rxd7 Kxd7 52.
Kd5 Ke8 53. Nh4 Kf7 54. f4 1/2-1/2

[Event "Chigorin Memorial"]
[Site "St Petersburg"]
[Date "2015.10.07"]
[Round "5.122"]
[White "Beznosikov, Vladimir"]
[Black "Aseeva, Anastasia"]
[Result "1-0"]
[WhiteElo "2298"]
[BlackElo "2015"]
[PlyCount "85"]
[EventDate "2015.10.03"]
[EventRounds "9"]
[EventCountry "RUS"]

1. e4 c6 2. Nf3 d5 3. Nc3 dxe4 4. Nxe4 e6 5. d4 Be7 6. Bd3 Nf6 7. O-O Nbd7 8.
c3 O-O 9. Qe2 b6 10. Bg5 Bb7 11. Rad1 Re8 12. Bf4 Nxe4 13. Bxe4 Nf6 14. Bb1 a5
15. Rfe1 a4 16. Ne5 Qc8 17. Bg5 a3 18. b3 Rf8 19. Rd3 Nd5 20. Bxe7 Nxe7 21. Rh3
f5 22. Qh5 h6 23. Rg3 Rf6 24. Qh4 Kh7 25. Ng4 Rf7 26. Rh3 Ng8 27. Ne5 Rf6 28.
g4 g6 29. g5 Rf8 30. gxh6 Rf6 31. Nf3 c5 32. Ng5+ Kh8 33. h7 Ne7 34. Rhe3 Qc6
35. f3 Bc8 36. c4 f4 37. d5 Qe8 38. Nxe6 Rf7 39. Nxf4 Rxh7 40. Qf6+ Kg8 41.
Rxe7 Rxe7 42. Rxe7 Qf8 43. Qxg6+ 1-0

[Event "Chigorin Memorial"]
[Site "St Petersburg"]
[Date "2015.10.07"]
[Round "5.123"]
[White "Shapiro, David"]
[Black "Terentev, Mikhail"]
[Result "1/2-1/2"]
[WhiteElo "2255"]
[BlackElo "2013"]
[PlyCount "76"]
[EventDate "2015.10.03"]
[EventRounds "9"]
[EventCountry "RUS"]

1. e4 c5 2. Nf3 e6 3. c3 Nc6 4. d4 d5 5. exd5 exd5 6. Be2 Nf6 7. O-O Bd6 8.
dxc5 Bxc5 9. Nbd2 O-O 10. Nb3 Bb6 11. Nbd4 Re8 12. Re1 Bg4 13. Be3 Bh5 14. Nf5
Bxe3 15. Nxe3 Qb6 16. Qb3 Qc5 17. Qb5 Qxb5 18. Bxb5 Bxf3 19. gxf3 a6 20. Ba4 b5
21. Bb3 Ne5 22. Kg2 Nd3 23. Reb1 Rad8 24. Bc2 d4 25. cxd4 Rxd4 26. Rd1 Nh5 27.
Bxd3 Nf4+ 28. Kg3 Nh5+ 29. Kg2 Nf4+ 30. Kf1 Rxd3 31. Rxd3 Nxd3 32. b3 Rc8 33.
Ke2 Nf4+ 34. Kf1 Nd3 35. Ke2 Nf4+ 36. Kf1 Nd3 37. Ke2 Nf4+ 38. Kf1 Nd3 1/2-1/2

[Event "Chigorin Memorial"]
[Site "St Petersburg"]
[Date "2015.10.07"]
[Round "5.124"]
[White "Nazarova, Anastasia"]
[Black "Schetchikov, Vladimir"]
[Result "1-0"]
[WhiteElo "1941"]
[BlackElo "2222"]
[PlyCount "91"]
[EventDate "2015.10.03"]
[EventRounds "9"]
[EventCountry "RUS"]

1. e4 c5 2. Nf3 Nc6 3. c4 g6 4. d4 cxd4 5. Nxd4 Bg7 6. Be3 d6 7. Nc3 Nf6 8. Be2
O-O 9. O-O Ne5 10. f3 b6 11. Qd2 Bb7 12. Rfd1 Rc8 13. b3 Qc7 14. Rac1 Qb8 15.
Nd5 Nxd5 16. exd5 Rce8 17. f4 Nd7 18. Bf3 a5 19. f5 Nc5 20. Bh6 e5 21. dxe6
fxe6 22. fxg6 hxg6 23. Bxg7 Kxg7 24. Bxb7 Qxb7 25. Nb5 Rd8 26. Nxd6 Qe7 27.
Qc3+ e5 28. Nb5 Rxd1+ 29. Rxd1 Qf6 30. Qe3 Qf5 31. Nd6 Qh5 32. Re1 Nd7 33. h3
Qh4 34. Ne4 Qe7 35. Rd1 Nf6 36. Nc3 e4 37. Qxb6 e3 38. Re1 Re8 39. Qd4 Kh7 40.
Nd1 Rd8 41. Qxe3 Qxe3+ 42. Nxe3 Rd2 43. c5 Rxa2 44. c6 Ne8 45. Nc4 a4 46. Rxe8
1-0

[Event "Chigorin Memorial"]
[Site "St Petersburg"]
[Date "2015.10.07"]
[Round "5.125"]
[White "Mamyrbay, Assad"]
[Black "Tskhadadze, Anna"]
[Result "1-0"]
[WhiteElo "2195"]
[BlackElo "1988"]
[PlyCount "149"]
[EventDate "2015.10.03"]
[EventRounds "9"]
[EventCountry "RUS"]

1. e4 c6 2. d4 d5 3. Nc3 dxe4 4. Nxe4 Bf5 5. Ng3 Bg6 6. h4 h6 7. Nf3 Nd7 8. h5
Bh7 9. Bd3 Bxd3 10. Qxd3 Ngf6 11. Bd2 e6 12. O-O-O Qc7 13. Ne4 Nd5 14. g3 O-O-O
15. c4 f5 16. Nc3 Nxc3 17. Qxc3 Nf6 18. Bf4 Bd6 19. Bxd6 Rxd6 20. c5 Rd5 21.
Ne5 Ne4 22. Qe3 Rhd8 23. f4 Qa5 24. a3 Qa4 25. Nf7 R8d7 26. Ne5 Rd8 27. b4 a5
28. Nc4 Kb8 29. Nb6 Qb5 30. Nxd5 Rxd5 31. Rh2 axb4 32. Rb2 Qc4+ 33. Rc2 Nc3 34.
Qd3 Qb3 35. Re1 Qxa3+ 36. Kd2 Ne4+ 37. Ke3 b3 38. Rb1 Qb4 39. Rc4 Qa5 40. Qe2
Qa3 41. Qb2 Qa2 42. Rb4 Qxb2 43. Rxb2 Nxg3 44. R4xb3 Rd7 45. Rb6 Kc8 46. Ra2
Nxh5 47. Ra8+ Kc7 48. Rb1 Nf6 49. Rh8 Ng4+ 50. Kd3 e5 51. fxe5 Nxe5+ 52. Kc3
Nf3 53. Rd1 b6 54. Ra1 bxc5 55. dxc5 Rd8 56. Ra7+ Kb8 57. Rxd8+ Kxa7 58. Rd7+
Ka6 59. Rxg7 Ng5 60. Kc4 Nf3 61. Rh7 Ne5+ 62. Kd4 Nf3+ 63. Ke3 Ne5 64. Re7 Ng4+
65. Kd4 Nh2 66. Ke5 Nf3+ 67. Kd6 Nd4 68. Rh7 f4 69. Rf7 f3 70. Rf4 Nb3 71. Kxc6
h5 72. Kd6 Nd2 73. c6 f2 74. c7 Ne4+ 75. Kc6 1-0

[Event "Chigorin Memorial"]
[Site "St Petersburg"]
[Date "2015.10.07"]
[Round "5.126"]
[White "Dushin, Nikolay"]
[Black "Shemyakin, Valeriy"]
[Result "1/2-1/2"]
[WhiteElo "1936"]
[BlackElo "2169"]
[PlyCount "112"]
[EventDate "2015.10.03"]
[EventRounds "9"]
[EventCountry "RUS"]

1. d4 Nf6 2. Bg5 Ne4 3. Bf4 c5 4. f3 Qa5+ 5. c3 Nf6 6. d5 e6 7. e4 Nh5 8. Be3
exd5 9. Qxd5 Nf6 10. Qd2 Nc6 11. Na3 Be7 12. Nc4 Qc7 13. Bf4 Qd8 14. Nd6+ Bxd6
15. Bxd6 b6 16. Nh3 Ng8 17. O-O-O Nge7 18. Nf4 Bb7 19. Nd5 O-O 20. Nxe7+ Nxe7
21. Bxe7 Qxe7 22. Qxd7 Qg5+ 23. Qd2 Qxd2+ 24. Rxd2 Rfd8 25. Bc4 Rxd2 26. Kxd2
Rd8+ 27. Ke2 Kf8 28. Rd1 Rxd1 29. Kxd1 g5 30. Ke2 Ke7 31. Ke3 f6 32. g3 Kd6 33.
h4 h6 34. hxg5 hxg5 35. f4 Ke7 36. b4 Bc6 37. bxc5 bxc5 38. Bd5 Bb5 39. fxg5
fxg5 40. e5 Ba4 41. Kd3 Bb5+ 42. Ke4 Bd7 43. a3 Bh3 44. Bg8 Kf8 45. Bb3 Ke7 46.
Bg8 Kf8 47. Bh7 Kg7 48. Bf5 Bg2+ 49. Ke3 Kf7 50. Bg4 Ke7 51. Bf3 Bh3 52. Bd5
Bf1 53. Kf3 Bh3 54. Bb3 Bf5 55. Bc4 Kd7 56. Ke3 Ke7 1/2-1/2

[Event "Chigorin Memorial"]
[Site "St Petersburg"]
[Date "2015.10.07"]
[Round "5.127"]
[White "Yudkevich, Mikhail"]
[Black "Kunin, Pavel"]
[Result "1-0"]
[WhiteElo "2154"]
[BlackElo "1957"]
[PlyCount "96"]
[EventDate "2015.10.03"]
[EventRounds "9"]
[EventCountry "RUS"]

1. Nf3 g6 2. c4 Bg7 3. Nc3 e6 4. d4 d6 5. e4 Nd7 6. Bg5 Ne7 7. Qd2 h6 8. Be3 g5
9. h4 g4 10. Nh2 h5 11. O-O-O Ng6 12. g3 Nf6 13. Bd3 e5 14. d5 b6 15. Rdf1 O-O
16. f3 gxf3 17. Rxf3 Ng4 18. Nxg4 Bxg4 19. Rf2 Kh7 20. Be2 Qd7 21. Bxg4 Qxg4
22. Rf5 Ne7 23. Rg5 Qf3 24. Qe1 f6 25. Rf1 fxg5 26. Rxf3 Rxf3 27. hxg5 Raf8 28.
Kd2 Ng6 29. Qh1 h4 30. gxh4 Rg3 31. Ne2 Rg4 32. h5 Nf4 33. g6+ Kg8 34. h6 Bf6
35. g7 Rd8 36. Qf3 Rg6 37. Nxf4 exf4 38. Bxf4 Kh7 39. b3 Rd7 40. Qh3 Rf7 41.
Kd3 Bxg7 42. hxg7+ Kxg7 43. Be3 Kf8 44. Qc8+ Kg7 45. Bd4+ Kh6 46. Qh3+ Kg5 47.
Be3+ Kf6 48. Qf5+ Kg7 1-0

[Event "Chigorin Memorial"]
[Site "St Petersburg"]
[Date "2015.10.07"]
[Round "5.128"]
[White "Svidinsky, Dmitry"]
[Black "Fedoseeva, Valentina"]
[Result "1-0"]
[WhiteElo "2147"]
[BlackElo "1932"]
[PlyCount "163"]
[EventDate "2015.10.03"]
[EventRounds "9"]
[EventCountry "RUS"]

1. d4 Nf6 2. c4 e6 3. Nf3 Bb4+ 4. Nbd2 d5 5. e3 O-O 6. Bd3 Re8 7. O-O c6 8. a3
Bxd2 9. Bxd2 Ne4 10. Be1 Nd7 11. Qc2 Nef6 12. Rd1 Nf8 13. Ne5 N6d7 14. Nxd7
Bxd7 15. e4 Rc8 16. Bb4 Ng6 17. Bd6 b6 18. b4 dxe4 19. Bxe4 f5 20. Bd3 Qf6 21.
Be2 Rcd8 22. f4 Bc8 23. Be5 Qe7 24. c5 Bb7 25. Bf3 Rd7 26. Bd6 Qd8 27. Qa4 Nh8
28. Qxa7 b5 29. a4 Ba8 30. Qa5 Qxa5 31. bxa5 bxa4 32. Ra1 Nf7 33. Rxa4 Nxd6 34.
cxd6 Rxd6 35. Rb1 Kf7 36. a6 Ke7 37. Kf2 Rd7 38. a7 Kd6 39. Rb8 Rdd8 40. Rb6
Rc8 41. Ke3 Rc7 42. Rb8 Rec8 43. Kd3 Kd7 44. Ra6 g6 45. Kc4 Kd6 46. h3 Kd7 47.
Kc5 Rd8 48. Bxc6+ Bxc6 49. Rxd8+ Kxd8 50. Rxc6 Rxa7 51. Rxe6 Ra2 52. g4 Ra3 53.
gxf5 Ra5+ 54. Kd6 Rxf5 55. Re4 Rf6+ 56. Kc5 h6 57. d5 g5 58. fxg5 hxg5 59. Re6
Rf3 60. Rh6 Ra3 61. Rh7 Ra1 62. Kd6 Ra6+ 63. Ke5 Rg6 64. Ra7 g4 65. Kf5 Rd6 66.
hxg4 Rxd5+ 67. Ke6 Rd1 68. Ra8+ Kc7 69. Re8 Re1+ 70. Kf7 Rg1 71. Re4 Kd7 72.
Kf6 Rf1+ 73. Kg6 Rg1 74. g5 Kc6 75. Kf6 Rf1+ 76. Kg7 Kd5 77. Re8 Rg1 78. g6 Rf1
79. Kg8 Rg1 80. g7 Rf1 81. Rf8 Ra1 82. Kf7 1-0

[Event "Chigorin Memorial"]
[Site "St Petersburg"]
[Date "2015.10.07"]
[Round "5.129"]
[White "Ivanov, Rostislav"]
[Black "Machlik, Edit"]
[Result "1-0"]
[WhiteElo "2134"]
[BlackElo "1946"]
[PlyCount "79"]
[EventDate "2015.10.03"]
[EventRounds "9"]
[EventCountry "RUS"]

1. e4 c6 2. d4 d5 3. e5 c5 4. c3 Nc6 5. f4 cxd4 6. cxd4 Bf5 7. Nc3 e6 8. Bb5
Nge7 9. Nge2 a6 10. Bxc6+ Nxc6 11. O-O Be7 12. h3 h6 13. a3 O-O 14. b4 a5 15.
b5 Na7 16. a4 Nc8 17. g4 Bh7 18. Ng3 f6 19. Nce2 Nb6 20. f5 Qd7 21. fxe6 Qxe6
22. Nf4 Qc8 23. Bd2 Qc4 24. Ne6 Bc2 25. Qf3 Rf7 26. Nf5 Kh7 27. Rac1 fxe5 28.
Nexg7 e4 29. Qg3 Bf6 30. Ne6 Qxa4 31. Qf4 Bg5 32. Nxg5+ hxg5 33. Qxg5 Raf8 34.
Qh6+ Kg8 35. Qxb6 Rf6 36. Qc5 Qb3 37. Qc7 R8f7 38. Nh6+ Kf8 39. Nxf7 Qxh3 40.
Qd8+ 1-0

[Event "Chigorin Memorial"]
[Site "St Petersburg"]
[Date "2015.10.07"]
[Round "5.130"]
[White "Altshul, Raffael"]
[Black "Sakorenko, Adriana"]
[Result "1/2-1/2"]
[WhiteElo "2130"]
[BlackElo "1935"]
[PlyCount "80"]
[EventDate "2015.10.03"]
[EventRounds "9"]
[EventCountry "RUS"]

1. d4 Nf6 2. c4 e6 3. Nf3 b6 4. g3 Bb7 5. Bg2 Be7 6. O-O O-O 7. d5 exd5 8. Nh4
c6 9. cxd5 Nxd5 10. Nf5 Bf6 11. e4 Ne7 12. Nd6 Ba6 13. Re1 Be5 14. f4 Bxd6 15.
Qxd6 c5 16. b3 Nbc6 17. Qd2 Nb4 18. Ba3 Nec6 19. Nc3 Rc8 20. Rad1 Nd4 21. Bxb4
cxb4 22. Qxd4 bxc3 23. Rc1 Qc7 24. Rc2 Qc5 25. Qxc5 Rxc5 26. Rd1 Rd8 27. e5 Kf8
28. Kf2 Ke7 29. Ke3 d6 30. Rxd6 Rxd6 31. exd6+ Kxd6 32. Kd4 f6 33. Rxc3 Rxc3
34. Kxc3 Bc8 35. b4 Be6 36. a3 Bd5 37. Bf1 h6 38. Kd4 Bb7 39. Bd3 Bc6 40. Bf5
Bb7 1/2-1/2

[Event "Chigorin Memorial"]
[Site "St Petersburg"]
[Date "2015.10.07"]
[Round "5.131"]
[White "Scheglov, Dmitry"]
[Black "Bratus, Petr P"]
[Result "0-1"]
[WhiteElo "1910"]
[BlackElo "2124"]
[PlyCount "94"]
[EventDate "2015.10.03"]
[EventRounds "9"]
[EventCountry "RUS"]

1. e4 c6 2. d4 d5 3. e5 Bf5 4. h4 h6 5. g4 Bd7 6. Nc3 e6 7. Be3 Qc7 8. Nf3 c5
9. Nb5 Bxb5 10. Bxb5+ Nd7 11. c3 a6 12. Bd3 Ne7 13. h5 Nc6 14. O-O Be7 15. a3
O-O-O 16. b4 c4 17. Bc2 f6 18. a4 b5 19. Re1 Rhf8 20. axb5 axb5 21. Bf4 Kb7 22.
Bg3 fxe5 23. dxe5 Qb6 24. Qe2 Ra8 25. Bg6 Ra7 26. Kg2 Rfa8 27. Qb2 Ra4 28. Bc2
Rxa1 29. Rxa1 Rxa1 30. Qxa1 Qa7 31. Qxa7+ Kxa7 32. Kf1 Nb6 33. Bf4 Kb7 34. Ke2
Kc8 35. Ke3 d4+ 36. cxd4 Nd5+ 37. Ke4 Nc3+ 38. Ke3 Nd5+ 39. Ke4 Ncxb4 40. Ne1
Nxf4 41. Kxf4 Nxc2 42. Nxc2 b4 43. Ne3 c3 44. Ke4 b3 45. Kd3 c2 46. Kd2 Bb4+
47. Kc1 Ba3+ 0-1

[Event "Chigorin Memorial"]
[Site "St Petersburg"]
[Date "2015.10.07"]
[Round "5.132"]
[White "Yashmetov, Mikhail"]
[Black "Zolotyh, Lev"]
[Result "1-0"]
[WhiteElo "2123"]
[BlackElo "1906"]
[PlyCount "89"]
[EventDate "2015.10.03"]
[EventRounds "9"]
[EventCountry "RUS"]

1. d4 d5 2. c4 dxc4 3. Nf3 a6 4. a4 Bg4 5. e3 Nf6 6. Bxc4 e6 7. O-O Bd6 8. Nc3
Nc6 9. Be2 O-O 10. h3 Bh5 11. Kh1 Bg6 12. Nd2 e5 13. Nc4 exd4 14. exd4 Nb4 15.
Be3 Nfd5 16. Nxd5 Nxd5 17. Bf3 Nxe3 18. Nxe3 Rb8 19. Nc4 Be7 20. Ne5 Bf6 21.
Rc1 c6 22. b3 Re8 23. Nxg6 hxg6 24. d5 cxd5 25. Bxd5 Qa5 26. Qf3 Re7 27. Rfd1
Rd8 28. Bxb7 Rxd1+ 29. Rxd1 Re1+ 30. Rxe1 Qxe1+ 31. Kh2 Be5+ 32. g3 Bd4 33. Kg2
a5 34. Bd5 Qe7 35. Bc4 Kh7 36. Qd5 Qf6 37. f4 Bc3 38. h4 Qf5 39. Qf3 Bb4 40. g4
Qf6 41. h5 Bd6 42. hxg6+ Kg8 43. Bxf7+ Kf8 44. Qa8+ Ke7 45. Qe8# 1-0

[Event "Chigorin Memorial"]
[Site "St Petersburg"]
[Date "2015.10.07"]
[Round "5.133"]
[White "Smirnov, Mikhail"]
[Black "Voronenkov, Sergey"]
[Result "1-0"]
[WhiteElo "2115"]
[BlackElo "1926"]
[PlyCount "145"]
[EventDate "2015.10.03"]
[EventRounds "9"]
[EventCountry "RUS"]

1. Nf3 Nf6 2. g3 e6 3. Bg2 d5 4. O-O c5 5. d4 Nc6 6. c4 cxd4 7. Nxd4 Be7 8. Nc3
O-O 9. cxd5 exd5 10. Be3 Re8 11. Rc1 Bf8 12. Nxc6 bxc6 13. Na4 Bd7 14. Bc5 Ne4
15. Bxf8 Kxf8 16. Qc2 Kg8 17. e3 Rb8 18. b3 Nd6 19. Rfd1 Rc8 20. Qc5 Nb5 21.
Bf1 Bg4 22. Rd2 Qd7 23. Bg2 Bf5 24. Qb4 Nd6 25. Nc5 Qe7 26. Rd4 Rb8 27. Qd2 Nb5
28. Ra4 Rbd8 29. Ra6 d4 30. Bxc6 dxe3 31. Qxe3 Nd4 32. Qxe7 Rxe7 33. Kg2 Rc7
34. Bf3 Rdc8 35. b4 g5 36. Rd1 Nxf3 37. Kxf3 Bg6 38. Rd4 h5 39. h4 g4+ 40. Kf4
Re8 41. Rad6 a5 42. Rd8 Rxd8 43. Rxd8+ Kg7 44. a3 Rc6 45. Ke5 axb4 46. axb4 Rb6
47. Rd4 f6+ 48. Kd5 Bf7+ 49. Ke4 Rb8 50. Ke3 Be8 51. Kd2 Bb5 52. Ne6+ Kh6 53.
Nf4 Ra8 54. Rd6 Ra2+ 55. Kc3 Rxf2 56. Rxf6+ Kh7 57. Nxh5 Rf3+ 58. Rxf3 gxf3 59.
Nf6+ Kg6 60. Ne4 Kf5 61. Nf2 Ke5 62. Kd2 Kd4 63. g4 Bd7 64. g5 Be8 65. Ke1 Bh5
66. b5 Kc5 67. Ne4+ Kxb5 68. Nf6 Bf7 69. h5 Kc4 70. g6 Be6 71. h6 Kd4 72. Kf2
Ke5 73. Nh5 1-0

[Event "Chigorin Memorial"]
[Site "St Petersburg"]
[Date "2015.10.07"]
[Round "5.134"]
[White "Ivanov, Nikolay A"]
[Black "Yakimenko, Anastasia"]
[Result "1-0"]
[WhiteElo "1895"]
[BlackElo "2115"]
[PlyCount "159"]
[EventDate "2015.10.03"]
[EventRounds "9"]
[EventCountry "RUS"]

1. c4 Nf6 2. Nc3 g6 3. g3 Bg7 4. Bg2 d6 5. d3 O-O 6. Bg5 h6 7. Bd2 c6 8. Qc1
Kh7 9. h4 d5 10. h5 gxh5 11. cxd5 cxd5 12. Bf3 Nbd7 13. Nxd5 Nxd5 14. Bxd5 Ne5
15. Bg2 Bg4 16. f3 Rc8 17. Bc3 Bf5 18. Qf4 Nxd3+ 19. exd3 Bxc3+ 20. bxc3 Qxd3
21. Ne2 e5 22. Qd2 Qxd2+ 23. Kxd2 Rfd8+ 24. Ke1 Bg6 25. Rd1 Rxd1+ 26. Kxd1 Bd3
27. Nc1 Bg6 28. Kd2 Rd8+ 29. Ke3 Rc8 30. Ne2 Rd8 31. Rh4 Rd3+ 32. Kf2 Rd2 33.
Ra4 a6 34. Ra3 Bd3 35. Bf1 Bc4 36. Ke1 Rxa2 37. Rxa2 Bxa2 38. Nc1 Bd5 39. Bd3+
Kg7 40. Kf2 b5 41. Ke3 Kf6 42. f4 Ke6 43. fxe5 Kxe5 44. Be2 h4 45. gxh4 Bc4 46.
Nd3+ Kf5 47. Bf3 f6 48. Nb2 Be6 49. Be2 Bd7 50. Kd4 Kf4 51. Nd3+ Kg3 52. Nc5
Bc8 53. h5 f5 54. Ke5 Kf2 55. Bd3 Ke3 56. Bxf5 Bxf5 57. Kxf5 a5 58. Kg6 a4 59.
Kxh6 Kd2 60. Kg5 Kc2 61. h6 a3 62. h7 a2 63. h8=Q a1=Q 64. Qh2+ Kb1 65. Qh1+
Ka2 66. Qd5+ Kb1 67. Qd1+ Kb2 68. Nd3+ Ka2 69. Qc2+ Ka3 70. Nb4 Qb2 71. Qxb2+
Kxb2 72. Nd5 Kb3 73. Kf5 Kc4 74. Ke4 Kc5 75. Nb4 Kc4 76. Nd5 Kc5 77. Ke5 Kc6
78. Kd4 Kd6 79. Nb4 Kc7 80. Kc5 1-0

[Event "Chigorin Memorial"]
[Site "St Petersburg"]
[Date "2015.10.07"]
[Round "5.135"]
[White "Lagashin, Pavel"]
[Black "Slugin, Yaroslav"]
[Result "1-0"]
[WhiteElo "2107"]
[BlackElo "1895"]
[PlyCount "53"]
[EventDate "2015.10.03"]
[EventRounds "9"]
[EventCountry "RUS"]

1. d4 b5 2. e4 a6 3. a4 Bb7 4. axb5 Bxe4 5. bxa6 Nxa6 6. Nc3 Nb4 7. Rxa8 Qxa8
8. Nb5 Qc6 9. c3 Nc2+ 10. Kd2 Qh6+ 11. Ke2 Qh5+ 12. f3 Qxb5+ 13. Kf2 Qh5 14.
Ne2 Qh4+ 15. g3 Qf6 16. Nf4 Nxd4 17. cxd4 Bg6 18. Nd5 Qd6 19. Qb3 f6 20. Qb8+
Kf7 21. Bc4 e6 22. Bf4 Qc6 23. Nxc7 Ne7 24. Rc1 Qa4 25. Qe8+ Kg8 26. Bxe6+ dxe6
27. Qxa4 1-0

[Event "Chigorin Memorial"]
[Site "St Petersburg"]
[Date "2015.10.07"]
[Round "5.136"]
[White "Protopopova, Anastasiya"]
[Black "Gadzhiev, Farid"]
[Result "1-0"]
[WhiteElo "2102"]
[BlackElo "1894"]
[PlyCount "77"]
[EventDate "2015.10.03"]
[EventRounds "9"]
[EventCountry "RUS"]

1. Nf3 Nf6 2. c4 g6 3. d4 Bg7 4. e3 O-O 5. Be2 d5 6. cxd5 Nxd5 7. e4 Nb6 8. Be3
c5 9. Nc3 cxd4 10. Nxd4 N8d7 11. O-O Ne5 12. b3 h5 13. h3 Bd7 14. a4 Nc6 15.
Rc1 Nxd4 16. Bxd4 Be6 17. Bxg7 Kxg7 18. Qc2 Qd4 19. a5 Nd7 20. Nb5 Qf6 21. f4
Rac8 22. Nc7 Qd4+ 23. Kh1 Nf6 24. Bf3 Qe3 25. e5 Nd5 26. Bxd5 Rxc7 27. Qxc7 Rc8
28. Qxc8 Bxc8 29. Rxc8 Qd3 30. Bc4 Qd7 31. Rc5 e6 32. a6 bxa6 33. Ra5 Qd4 34.
Rxa6 Kh6 35. Rd6 Qe3 36. Rd7 g5 37. Rxf7 g4 38. Rf6+ Kg7 39. Rd1 1-0

[Event "Chigorin Memorial"]
[Site "St Petersburg"]
[Date "2015.10.07"]
[Round "5.137"]
[White "Trapeznikova, Darya"]
[Black "Gantsevich, Aleksey A"]
[Result "1-0"]
[WhiteElo "2092"]
[BlackElo "1845"]
[PlyCount "47"]
[EventDate "2015.10.03"]
[EventRounds "9"]
[EventCountry "RUS"]

1. d4 d5 2. c4 c6 3. Nc3 Nf6 4. e3 a6 5. Qc2 b5 6. b3 e6 7. Bd3 Nbd7 8. Nf3 Be7
9. O-O Qc7 10. e4 bxc4 11. bxc4 dxe4 12. Nxe4 c5 13. Ba3 Bb7 14. Rab1 Rb8 15.
dxc5 Nxc5 16. Nxf6+ Bxf6 17. Bxc5 Qxc5 18. Be4 Bxe4 19. Rxb8+ Ke7 20. Qb3 Rxb8
21. Qxb8 Qxc4 22. Nd2 Qd5 23. Nxe4 Qxe4 24. Rd1 1-0

[Event "Chigorin Memorial"]
[Site "St Petersburg"]
[Date "2015.10.07"]
[Round "5.138"]
[White "Sergeeva, Natalia"]
[Black "Mukhtarova, Viktoriya"]
[Result "0-1"]
[WhiteElo "2077"]
[BlackElo "1782"]
[PlyCount "80"]
[EventDate "2015.10.03"]
[EventRounds "9"]
[EventCountry "RUS"]

1. e4 c5 2. Nf3 Nc6 3. d4 cxd4 4. Nxd4 g6 5. c4 Bg7 6. Be3 Nf6 7. Nc3 O-O 8.
Be2 d6 9. O-O Nxd4 10. Bxd4 a5 11. f4 Nd7 12. Bxg7 Kxg7 13. Kh1 Nc5 14. Qd4+
Kg8 15. Rad1 b6 16. e5 Ne6 17. Qe4 Rb8 18. f5 Nc5 19. Qg4 Kh8 20. Rd4 Bxf5 21.
Rxf5 gxf5 22. Qxf5 Qc8 23. Qh5 Qe6 24. exd6 exd6 25. Rh4 Qg6 26. Qd5 Rg8 27.
Qd4+ Qg7 28. Qf2 f5 29. Rf4 Rbf8 30. Bf1 Qe5 31. Nd5 Ne6 32. Rh4 Rg4 33. Rh6
Kg7 34. Rh3 f4 35. Qxb6 Ng5 36. Rd3 f3 37. g3 Qe1 38. Ne3 Re4 39. Qb7+ Kh8 40.
Kg1 Rxe3 0-1

[Event "Chigorin Memorial"]
[Site "St Petersburg"]
[Date "2015.10.07"]
[Round "5.139"]
[White "Zhivotovskaya, Asya"]
[Black "Kharlamov, Igor"]
[Result "0-1"]
[WhiteElo "1810"]
[BlackElo "2065"]
[PlyCount "144"]
[EventDate "2015.10.03"]
[EventRounds "9"]
[EventCountry "RUS"]

1. c4 Nf6 2. Nc3 c5 3. g3 d5 4. cxd5 Nxd5 5. d4 cxd4 6. Qxd4 e6 7. Nxd5 exd5 8.
Bg2 Be6 9. Nf3 Nc6 10. Qd1 d4 11. O-O Be7 12. Qa4 O-O 13. Rd1 Qb6 14. b3 Qc5
15. Bb2 b5 16. Bxd4 bxa4 17. Bxc5 Bxc5 18. Rac1 Bb6 19. Rxc6 axb3 20. axb3 Bxb3
21. Rdc1 Bd5 22. R6c3 f6 23. Bh3 Rfe8 24. Kf1 Re7 25. Nd2 Rae8 26. e3 Ba5 27.
Rd3 Bb7 28. Ke1 Bb4 29. Kd1 a5 30. Bd7 Rb8 31. Rd4 Ba6 32. Nc4 Kf8 33. Rd5 Rd8
34. Nb6 Re5 35. Bc6 Rexd5+ 36. Nxd5 a4 37. Kc2 Bd6 38. Bxa4 Be5 39. Bb3 Bb7 40.
Rd1 Rc8+ 41. Kd3 Ba6+ 42. Kd2 Rb8 43. Kc2 Rc8+ 44. Kd2 Rb8 45. Kc2 Be2 46. Rd2
Bf3 47. Bc4 h5 48. Nf4 Be4+ 49. Kd1 Bc3 50. Ne6+ Ke7 51. Nxg7 Bxd2 52. Kxd2
Rb2+ 53. Ke1 Bg6 54. h4 Rc2 55. Bb3 Rc3 56. Bd1 Rc5 57. Bb3 Bf7 58. Bd1 Kf8 59.
Nxh5 Bxh5 60. Bxh5 Rxh5 61. Ke2 Kf7 62. e4 Ke6 63. f4 Ra5 64. Kf3 Ra8 65. h5 f5
66. exf5+ Kxf5 67. g4+ Kf6 68. g5+ Kf5 69. h6 Ra4 70. Kg3 Ra3+ 71. Kh2 Rb3 72.
Kh1 Kxf4 0-1

[Event "Chigorin Memorial"]
[Site "St Petersburg"]
[Date "2015.10.07"]
[Round "5.140"]
[White "Shuster, Andrei"]
[Black "Yun, Vyacheslav"]
[Result "1-0"]
[WhiteElo "2053"]
[BlackElo "1770"]
[PlyCount "109"]
[EventDate "2015.10.03"]
[EventRounds "9"]
[EventCountry "RUS"]

1. e4 Nf6 2. e5 Nd5 3. d4 d6 4. Nf3 Bg4 5. Be2 c6 6. O-O Bxf3 7. Bxf3 dxe5 8.
dxe5 e6 9. Nd2 Nd7 10. Re1 Qc7 11. Nc4 Bc5 12. Nd6+ Bxd6 13. exd6 Qxd6 14. c4
O-O 15. cxd5 cxd5 16. Be3 Nb6 17. Bd4 Rfe8 18. Rc1 Nd7 19. Qb3 b6 20. g3 Rac8
21. Bg2 Red8 22. Qe3 Rxc1 23. Qxc1 e5 24. Be3 Nc5 25. Bxc5 bxc5 26. Rd1 d4 27.
Qc4 Kf8 28. Be4 g6 29. g4 Kg7 30. h3 Rf8 31. Qc2 Qe7 32. Rd3 Rc8 33. b3 Qe6 34.
Qc4 Qd7 35. Rf3 Rc7 36. b4 cxb4 37. Qxb4 Qe6 38. Qb3 Qa6 39. Qd5 f6 40. Bd3 Qc8
41. Qd6 Rf7 42. Be4 Qf8 43. Qxf8+ Rxf8 44. Ra3 Rf7 45. Bd3 Rd7 46. Be4 Rc7 47.
Rb3 Kh6 48. h4 Rc1+ 49. Kg2 Re1 50. f3 Re2+ 51. Kg3 Rxa2 52. Rb7 Ra1 53. Bd5 g5
54. h5 f5 55. Bg8 1-0